000 00900nas a2200313 4500
001 BR0302215
003 BR-BrBNA
005 20231205103744.0
007 ta
008 230509b bl.|||p| |||| 00| 00por d
040 _aBR-BrBNA
_bpor
_cBiblioteca Nacional de Agricultura
041 _a(Pt)
072 _aH10; H20
100 1 _aPimenta, C.A.M.
100 1 _aCarneiro, R.M.D.G.
245 1 _aControle de Meloidogyne javanica por Pasteuria penetrans em tomateiros: segundo ensaio
650 _aTOMATE
650 _aBACTÉRIA
650 _aMELOIDOGINOSE
650 _aMUDA
650 _aALFACE
650 _aPOUSIO
650 _aSUBSTRATO
650 _aCONTROLE BIOLÓGICO
650 _aSISTEMA RADICULAR
773 0 _tNematologia Brasileira (Brazil)
_xISSN 0102-2997
_g(Jun 2002), v. 26(1) p. 77-91
_wBR0302215
909 _a202311
_bLúcia
_c55
_dLúcia Elande
942 _2AGRIS
_n0
_cANA
999 _c174561
_d174561